Normal view
MARC view
Entry Personal Name
001 - CONTROL NUMBER
- control field: 16964
003 - CONTROL NUMBER IDENTIFIER
- control field: dpl
005 - DATE AND TIME OF LATEST TRANSACTION
- control field: 20100826104628.0
008 - FIXED-LENGTH DATA ELEMENTS
- fixed length control field: 100826|||a|||||| | ||| d
040 ## - CATALOGING SOURCE
- Original cataloging agency: dpl
- Transcribing agency: dpl
100 ## - HEADING--PERSONAL NAME
- Personal name: Lakhotia, R. N.
670 ## - SOURCE DATA FOUND
- Source citation: Work cat.: (dpl)42864: Lakhotia, R. N., A guide to tax planning lower your texes questions & answers on tex planning /, 2010
670 ## - SOURCE DATA FOUND
- Source citation: Work cat.: (dpl)42864: Lakhotia, R. N., A guide to tax planning lower your texes questions & answers on tex planning /, 2010
